| 000 -LEADER |
| fixed length control field |
02559cam a2200385 i 4500 |
| 003 - CONTROL NUMBER IDENTIFIER |
| control field |
OSt |
| 005 - DATE AND TIME OF LATEST TRANSACTION |
| control field |
20260317111737.0 |
| 008 - FIXED-LENGTH DATA ELEMENTS--GENERAL INFORMATION |
| fixed length control field |
200630t20212021nyua 001 0 eng d |
| 020 ## - INTERNATIONAL STANDARD BOOK NUMBER |
| International Standard Book Number |
9781616899776 |
| Qualifying information |
(pbk.) |
| 082 04 - DEWEY DECIMAL CLASSIFICATION NUMBER |
| Classification number |
741.6 |
| Edition number |
23 |
| 100 1# - MAIN ENTRY--PERSONAL NAME |
| Personal name |
Adams, Sean, |
| Relator term |
author. |
| 245 10 - TITLE STATEMENT |
| Title |
How design makes us think : |
| Remainder of title |
and feel and do things / |
| Statement of responsibility, etc |
Sean Adams. |
| 300 ## - PHYSICAL DESCRIPTION |
| Extent |
256 pages : |
| Other physical details |
illustrations (chiefly color) ; |
| Dimensions |
25 cm |
| 500 ## - GENERAL NOTE |
| General note |
Subtitle from cover. |
| 500 ## - GENERAL NOTE |
| General note |
Includes index. |
| 505 0# - FORMATTED CONTENTS NOTE |
| Formatted contents note |
Seduction -- Efficiency -- Love -- Humor -- Intelligence -- Elegance -- Pride -- Innovation -- Innocence -- Nostalgia -- Anger -- Pleasure -- Honesty. |
| 520 ## - SUMMARY, ETC. |
| Summary, etc |
"In hundreds of case studies across design disciplines, and using accessible language, AIGA medalist Sean Adams demonstrates the overt and covert techniques expert graphic designers use to engender a reaction in their audience"-- Provided by publisher. |
| 520 ## - SUMMARY, ETC. |
| Summary, etc |
"From posters to cars, design is everywhere. While we often discuss the aesthetics of design, we don't always dig deeper to unearth the ways design can overtly, and covertly, convince us of a certain way of thinking. How Design Makes Us Think collects hundreds of examples across graphic design, product design, industrial design, and architecture to illustrate how design can inspire, provoke, amuse, anger, or reassure us. Graphic designer Sean Adams walks us through the power of design to attract attention and convey meaning. The book delves into the sociological, psychological, and historical reasons for our responses to design, offering practitioners and clients alike a new appreciation of their responsibility to create design with the best intentions. How Design Makes Us Think is an essential read for designers, advertisers, marketing professionals, and anyone who wants to understand how the design around us makes us think, feel, and do things."--Google Books viewed Apr. 19, 2021. |
| 650 #0 - SUBJECT ADDED ENTRY--TOPICAL TERM |
| Topical term or geographic name as entry element |
Graphic arts |
| General subdivision |
Technique. |
| 650 #0 - SUBJECT ADDED ENTRY--TOPICAL TERM |
| Topical term or geographic name as entry element |
Graphic arts |
| General subdivision |
Psychology. |
| 650 #0 - SUBJECT ADDED ENTRY--TOPICAL TERM |
| Topical term or geographic name as entry element |
Visual communication. |
| 650 #0 - SUBJECT ADDED ENTRY--TOPICAL TERM |
| Topical term or geographic name as entry element |
Visual perception. |
| 650 #0 - SUBJECT ADDED ENTRY--TOPICAL TERM |
| Topical term or geographic name as entry element |
Graphic arts |
| General subdivision |
Study and teaching. |
| 650 #0 - SUBJECT ADDED ENTRY--TOPICAL TERM |
| Topical term or geographic name as entry element |
Emotions in art. |
| 650 #0 - SUBJECT ADDED ENTRY--TOPICAL TERM |
| Topical term or geographic name as entry element |
Social control. |
| 650 #0 - SUBJECT ADDED ENTRY--TOPICAL TERM |
| Topical term or geographic name as entry element |
Social engineering. |
| 650 #7 - SUBJECT ADDED ENTRY--TOPICAL TERM |
| Topical term or geographic name as entry element |
Visual perception. |
| Source of heading or term |
fast |
| 650 #7 - SUBJECT ADDED ENTRY--TOPICAL TERM |
| Topical term or geographic name as entry element |
Visual communication. |
| Source of heading or term |
fast |
| 650 #7 - SUBJECT ADDED ENTRY--TOPICAL TERM |
| Topical term or geographic name as entry element |
Emotions in art. |
| Source of heading or term |
fast |
| 650 #7 - SUBJECT ADDED ENTRY--TOPICAL TERM |
| Topical term or geographic name as entry element |
Graphic arts |
| General subdivision |
Study and teaching. |
| Source of heading or term |
fast |
| 650 #7 - SUBJECT ADDED ENTRY--TOPICAL TERM |
| Topical term or geographic name as entry element |
Graphic arts |
| General subdivision |
Technique. |
| Source of heading or term |
fast |
| 650 #7 - SUBJECT ADDED ENTRY--TOPICAL TERM |
| Topical term or geographic name as entry element |
Social control. |
| Source of heading or term |
fast |
| 650 #7 - SUBJECT ADDED ENTRY--TOPICAL TERM |
| Topical term or geographic name as entry element |
Social engineering. |
| Source of heading or term |
fast |
| 942 ## - ADDED ENTRY ELEMENTS (KOHA) |
| Source of classification or shelving scheme |
|